| 000 | 00412nam a2200181Ia 4500 | ||
|---|---|---|---|
| 003 | GCL | ||
| 008 | 140319s9999 xx 000 0 eng d | ||
| 040 |
_aGCL / _cGCL |
||
| 082 | 0 | 4 |
_a962.16 _bI C |
| 100 | 1 | _aINTERSAM M.ALI | |
| 245 | 1 | 0 |
_aCAIRO / _cINTERSAM M.ALI |
| 260 |
_a[S.N] : _bARAB REPUBLIC OF EGYPT |
||
| 300 | _a79 | ||
| 650 | 0 | 4 | _aEGYPT |
| 650 | 0 | 4 | _aCAIRO |
| 650 | 0 | 4 | _aTOURISM |
| 942 |
_2ddc _cBK |
||
| 999 |
_c17168 _d17168 |
||